000 00797nam a2200253 a 4500
001 60886
003 BD-RjUL
005 20211209080907.0
008 170104s1979 ilu b 001 0 eng d
020 _a0030454468
035 _a(BD-RjUL)61010
040 _aDLC
_cDLC
_dMYG
_dBD-RjUL
_beng
041 _aeng
082 _223
_a658.15
_bWEE 1979
100 1 _aWeston, J. Fred
_q(John Fred),
_d1916-
_9181530
245 1 0 _aEssentials of managerial finance /
_cJ. Fred Weston, Eugene F. Brigham.
250 _a5th ed.
260 _aHinsdale, Ill. :
_bDryden Press,
_cc1979.
300 _ax, 711, [29] p. :
_bill. ;
_c25 cm.
504 _aIncludes bibliographical references and index.
650 0 _aCorporations
_xFinance.
_9175109
700 1 _aBrigham, Eugene F.,
_d1930-
_9179923
942 _2ddc
_cBK
999 _c60886
_d60886